Lyndon Johnson's war : (Record no. 28261)
[ view plain ]
| 000 -LEADER | |
|---|---|
| campo de control de longitud fija | 01755cam a2200469Ia 4500 |
| 001 - NÚMERO DE CONTROL | |
| campo de control | 54463 |
| 005 - FECHA Y HORA DE LA ÚLTIMA TRANSACCIÓN | |
| campo de control | 20230410103917.0 |
| 008 - DATOS DE LONGITUD FIJA--INFORMACIÓN GENERAL | |
| campo de control de longitud fija | 971024s1997 nyub b 001 0 eng d |
| 035 ## - NÚMERO DE CONTROL DEL SISTEMA | |
| Número de control de sistema | (OCoLC)ocm37841686 |
| 040 ## - FUENTE DE CATALOGACIÓN | |
| Centro catalogador/agencia de origen | ITS |
| Centro/agencia transcriptor | ITS |
| Centro/agencia modificador | OCLCQ |
| -- | BAKER |
| -- | OCLCQ |
| -- | BTCTA |
| -- | YDXCP |
| 020 ## - NÚMERO INTERNACIONAL ESTÁNDAR DEL LIBRO | |
| Número Internacional Estándar del Libro | 0809016044 (pbk.) |
| 020 ## - NÚMERO INTERNACIONAL ESTÁNDAR DEL LIBRO | |
| Número Internacional Estándar del Libro | 9780809016044 (pbk.) |
| 029 1# - OTRO NÚMERO DE CONTROL DE SISTEMA (OCLC) | |
| Identificador de la biblioteca OCLC | YDXCP |
| Número de control de sistema | 1369441 |
| 035 ## - NÚMERO DE CONTROL DEL SISTEMA | |
| Número de control de sistema | (OCoLC)37841686 |
| 043 ## - CÓDIGO DE ÁREA GEOGRÁFICA | |
| Código de área geográfica | n-us--- |
| -- | a-vt--- |
| 050 14 - SIGNATURA TOPOGRÁFICA DE LA BIBLIOTECA DEL CONGRESO | |
| Número de clasificación | 438 DS 558 |
| Número de ítem | H939l 1997 |
| 082 00 - NÚMERO DE LA CLASIFICACIÓN DECIMAL DEWEY | |
| Número de clasificación | 959.7043 |
| 049 ## - FONDOS LOCALES (OCLC) | |
| Biblioteca depositaria | GRAL |
| 100 1# - ENTRADA PRINCIPAL--NOMBRE DE PERSONA | |
| Nombre de persona | Hunt, Michael H. |
| 245 10 - MENCIÓN DEL TÍTULO | |
| Título | Lyndon Johnson's war : |
| Resto del título | America's cold war crusade in Vietnam, 1945-1968 / |
| Mención de responsabilidad, etc. | Michael H. Hunt. |
| 250 ## - MENCION DE EDICION | |
| Mención de edición | 1st pbk. ed. |
| 260 ## - PUBLICACIÓN, DISTRIBUCIÓN, ETC. | |
| Lugar de publicación, distribución, etc. | New York : |
| Nombre del editor, distribuidor, etc. | Hill and Wang, |
| Fecha de publicación, distribución, etc. | 1997. |
| 300 ## - DESCRIPCIÓN FÍSICA | |
| Extensión | ix, 146 p. : |
| Otras características físicas | map ; |
| Dimensiones | 21 cm. |
| 440 #2 - MENCIÓN DE SERIE/PUNTO DE ACCESO ADICIONAL--TÍTULO | |
| Título | A critical issue |
| 504 ## - NOTA DE BIBLIOGRAFÍA, ETC. | |
| Nota de bibliografía, etc. | Includes bibliographical references (p. [133]-139) and index. |
| 650 #0 - PUNTO DE ACCESO ADICIONAL DE MATERIA--TÉRMINO DE MATERIA | |
| Término de materia o nombre geográfico como elemento de entrada | Vietnam War, 1961-1975 |
| Subdivisión geográfica | United States. |
| 651 #0 - PUNTO DE ACCESO ADICIONAL DE MATERIA--NOMBRE GEOGRÁFICO | |
| Nombre geográfico | United States |
| Subdivisión general | Foreign relations |
| Subdivisión geográfica | Vietnam. |
| 651 #0 - PUNTO DE ACCESO ADICIONAL DE MATERIA--NOMBRE GEOGRÁFICO | |
| Nombre geográfico | Vietnam |
| Subdivisión general | Foreign relations |
| Subdivisión geográfica | United States. |
| 651 #0 - PUNTO DE ACCESO ADICIONAL DE MATERIA--NOMBRE GEOGRÁFICO | |
| Nombre geográfico | Vietnam |
| Subdivisión general | History |
| Subdivisión cronológica | 1945-1975. |
| 600 10 - PUNTO DE ACCESO ADICIONAL DE MATERIA--NOMBRE DE PERSONA | |
| Nombre de persona | Johnson, Lyndon B. |
| Forma completa/desarrollada del nombre | (Lyndon Baines), |
| Fechas asociadas al nombre | 1908-1973. |
| 651 #4 - PUNTO DE ACCESO ADICIONAL DE MATERIA--NOMBRE GEOGRÁFICO | |
| Nombre geográfico | Vietnam |
| Subdivisión general | Historia |
| Subdivisión cronológica | 1945-1975. |
| 650 #4 - PUNTO DE ACCESO ADICIONAL DE MATERIA--TÉRMINO DE MATERIA | |
| Término de materia o nombre geográfico como elemento de entrada | Guerra de Vietnam, 1961-1975 |
| Subdivisión geográfica | Estados Unidos. |
| 651 #4 - PUNTO DE ACCESO ADICIONAL DE MATERIA--NOMBRE GEOGRÁFICO | |
| Nombre geográfico | Vietnam |
| Subdivisión general | Relaciones exteriores |
| Subdivisión geográfica | Estados Unidos. |
| 651 #4 - PUNTO DE ACCESO ADICIONAL DE MATERIA--NOMBRE GEOGRÁFICO | |
| Nombre geográfico | Estados Unidos |
| Subdivisión general | Relaciones exteriores |
| Subdivisión geográfica | Vietnam. |
| 856 42 - LOCALIZACIÓN Y ACCESO ELECTRÓNICOS | |
| Materiales especificados | Más?... busque en WorldCat (solo desde FUNGLODE) |
| Identificador Uniforme de Recursos | <a href="www.firstsearch.oclc.org/fsip">www.firstsearch.oclc.org/fsip</a> |
| 938 ## - | |
| -- | Baker and Taylor |
| -- | BTCP |
| -- | bl 99791809 |
| 938 ## - | |
| -- | YBP Library Services |
| -- | YANK |
| -- | 1369441 |
| 938 ## - | |
| -- | Baker & Taylor |
| -- | BKTY |
| -- | 13.00 |
| -- | 13.00 |
| -- | 0809016044 |
| -- | 0002937179 |
| -- | active |
| 942 ## - ELEMENTOS DE ENTRADA SECUNDARIOS (KOHA) | |
| Fuente del sistema de clasificación o colocación | Clasificación de Library of Congress |
| Tipo de ítem Koha | |
| 946 ## - PROCESAMIENTO DE INFORMACIÓN LOCAL (OCLC) | |
| a | mfcruz |
| 994 ## - | |
| -- | C0 |
| -- | DRFGD |
| Estatus retirado | Estado de pérdida | Fuente del sistema de clasificación o colocación | Estado de daño | No para préstamo | Colección | Biblioteca de origen | Biblioteca actual | Ubicación en estantería | Fecha de adquisición | Serial enumeration / chronology | Signatura topográfica completa | Código de barras | Visto por última vez | Copia número | Tipo de ítem Koha |
|---|---|---|---|---|---|---|---|---|---|---|---|---|---|---|---|
| Clasificación de Library of Congress | Recursos Regionales | Biblioteca Juan Bosch | Biblioteca Juan Bosch | Recursos Regionales (2do. Piso) | 10/04/2023 | 1 | 438 DS 558 H939l 1997 | 00000056421 | 23/10/2018 | 1 |
